| 000 | 00412nam a2200145 a 4500 | ||
|---|---|---|---|
| 001 | 2550 | ||
| 003 | CDMR | ||
| 005 | 20130319114725.0 | ||
| 008 | 130130s1976||||||||||||||||||||||||||||d | ||
| 040 |
_aCDMR _bcat _cCPC LLEIDA |
||
| 100 | 1 |
_aTarragó, Jose A. _91914 |
|
| 245 | 1 | 4 |
_aLes tres flores de lis blason de Lérida desde s _bXIII _cTARRAGO, Jose A. |
| 260 |
_aLleida _c1976 _bAjuntament de Lleida |
||
| 942 |
_cMON _2udc |
||
| 999 |
_c2550 _d2550 |
||